000 00951nam a22002417a 4500
999 _c18643
_d18643
003 AR-CdUCM
008 190514b ||||| |||| 00| 0 spa d
040 _aMUNICIPALIDAD PROVINCIAL DEL CUSCO
_cBIBLIOTECA MUNICIPAL DEL CUSCO
082 _29ed.
_a530.07 /
_bV34
100 _aVásquez, José W.
_938461
245 _aFísica general :
_bteoría y problemas /
260 _aLima :
_bSan Marcos,
_c1993.
300 _a2 tomos ;
_bfiguras, tablas,
_c21 cm.
500 _at.2: Electricidad, magnetismo y óptica.
505 _aContenido: t.2: Carga y materia -- Campo eléctrico ley de Gauss -- Potencia eléctrico -- Capacidad eléctrica -- Corriente eléctrica -- Fuerza electromotriz -- Electroquímica ...
650 _aFísica
_92382
650 _aMagnetismo
_919341
650 _aLey de Gauss
_939353
650 _aElectricidad
_915840
710 _aUniversidad Mayor de San Marcos.
_917154
942 _2ddc
_cLIBROS
945 _aachl
_d2019-05-14